Statistics for Pokemon Battle Dimension Lyrics

Click here to take the quiz!

General Stats

  • This quiz has been taken 101 times
  • The average score is 41 of 52

Answer Stats

Battle Dimension Lyrics% Correct
A
98%
I
92%
I
92%
Pokemon
92%
On
86%
Road
86%
Battle
85%
Far
85%
From
85%
Home
85%
We
85%
We
85%
We
85%
We
85%
We
85%
You
83%
You
83%
You
83%
Be
80%
Be
80%
Be
80%
Dimension
80%
It's
80%
To
80%
Will
80%
Will
80%
Will
80%
And
78%
And
78%
The
77%
Alone
75%
Destiny
75%
Go
75%
Go
75%
Have
75%
Heroes
75%
Heroes
75%
Our
75%
Together
75%
Can
74%
Don't
74%
If
74%
Try
72%
Feel
71%
World
71%
Change
69%
Strong
69%
Where
69%
Brave
66%
Friends
66%
Forever
62%
But
40%

Score Distribution

Percentile by Number Answered

Percent of People with Each Score

Your Score History

You have not taken this quiz